TâÌm loÌ€ng nhaÌ€ giaÌo
Gespeichert in:
| 1. Verfasser: | |
|---|---|
| Format: | Buch |
| Sprache: | Undetermined |
| Veröffentlicht: |
H.
GiaÌo duÌ£c
2001
|
| Schlagworte: | |
| Online Zugang: | http://lrc.tdmu.edu.vn/opac/search/detail.asp?aID=2&ID=7029 |
| Tags: |
Tag hinzufügen
Keine Tags, Fügen Sie den ersten Tag hinzu!
|
| Thư viện lưu trữ: | Trung tâm Học liệu Trường Đại học Thủ Dầu Một |
|---|
| LEADER | 00632nam a2200193Ia 4500 | ||
|---|---|---|---|
| 001 | TDMU_7029 | ||
| 008 | 210410s9999 xx 000 0 und d | ||
| 082 | |a 895.9221 | ||
| 090 | |b T126 | ||
| 100 | |a NhiêÌ€u taÌc giả | ||
| 245 | 0 | |a TâÌm loÌ€ng nhaÌ€ giaÌo | |
| 245 | 0 | |c NhiêÌ€u taÌc giả | |
| 260 | |a H. | ||
| 260 | |b GiaÌo duÌ£c | ||
| 260 | |c 2001 | ||
| 300 | |a 460tr | ||
| 650 | |a Thơ; TâÌm loÌ€ng nhaÌ€ giaÌo | ||
| 856 | |u http://lrc.tdmu.edu.vn/opac/search/detail.asp?aID=2&ID=7029 | ||
| 980 | |a Trung tâm Học liệu Trường Đại học Thủ Dầu Một | ||